000 00912nam a2200277 i 4500
001 bg
100 1 _aChickering, Roger
_d(1942- ).
245 1 0 _aDas Deutsche Reich und der Erste Weltkrieg /
_cRoger Chickering ; [aus dem Amerikanischen von Simone Ameskamp].
246 _iTyt. oryg. :
_aImperial Germany and the Great War 1914-1918
260 _aMünchen :
_bVerlag C.H. Beck,
_c2005.
300 _a292, [9] s. ;
_c19 cm.
490 1 _aBeck'sche Reihe ;
_v1452
546 _aTł. z ang.
650 9 _aWojna 1914-1918 r.
651 9 _aNiemcy
_xhistoria
_y20 w.
700 1 _aAmeskamp, Simone
_eTł.
830 _aBeck'sche Reihe ;
020 _a9783406475924
040 _cBPK
041 0 _ager
_heng
044 _aDEU
080 _a94(100)"1914/1918":94(430)
942 _cKS
008 s pl f |000 0 pol
999 _c54557
_d54557